LEADER 00919nam a2200229 i 4500 001 000000242625 003 CaOOAMICUS 005 20150610000000.0 008 150610n it u000 u ita u 013 $a221530 040 $aSeMil$bita 100 1 $aIl Chicco di grano .$0(OLS)http://semarc/name/81981 240 03$aLa clessidra.$0(OLS)http://semarc/title/8345 245 14$a[La clessidra :$bun tempo e uno spazio per comunicare /$cIl Chicco di grano. 260 $aS.l. :$bs.n.],$c2012. 300 $a78 p. ;$c21 cm. 650 4$aVolontariato.$0(OLS)http://semarc/subject/3834 850 $aSeMil 852 $aSeMil$W1$xVenegono$y1$m3J VI 273$j192971$B192971$CSeMilBibl$Z2$F203904 $81 961 $aOmaggio: Delpini mons. Mario 996 $6245$a[La clessidra :$bun tempo e uno spazio per comunicare$9(OLS)http://semarc/title/344383 996 $6260$aS.l. :$bs.n.]$9(OLS)http://semarc/publisher/37924 LEADER 00655nam a2200181 i 4500 001 000000102929 003 CaOOAMICUS 005 20010911000000.0 008 010911s1966 gw u000 u ger u 013 $a75085 040 $aSeMil$bita 245 10$aBand 2.2 /$cherausgegeben von Franz Arnold Xaver. 300 $a425 p. 700 1 $aArnold, Franz Xaver.$0(OLS)http://semarc/name/3455 773 0 $tHandbuch der Pastoraltheologie.$dFreiburg ; Basel ; Wien : Herder, 1964-1972.$gBand2$w()6594 850 $aSeMil 852 $aSeMil$W1$xVenegono$y1$mSL1.P VII 6/2$j59390$B59390$CSeMilBibl$Z2$F43881 $8I 996 $6245$aBand 2.2$9(OLS)http://semarc/title/149665